000 00413nam a2200133Ia 4500
008 231129s9999||||xx |||||||||||||| ||spa||
020 _a958-8087-97-X
040 _bspa
082 _a342.861 V695n
100 _aVila Casado Iván
245 0 _aNuevo derecho constitucional: Antecedentes y fundamentos
264 _aEdiciones Jurí­dicas Gustavo Ibañez
942 _2ddc
_cBKS
999 _c21904
_d21904